000
00264nam a22001097a 4500
008
240708b |||||||| |||| 00| 0 eng d
100
_a
Amarkant
_9
16667
245
_a
Diwar Aur Aangan
260
_a
Allahabad:
_c
1969.
_b
Bhem Vayaktiv;
300
_a
253p.
942
_c
BK
999
_c
40462
_d
40462